| 000 | 01374nam0a22003251 4500 | ||
|---|---|---|---|
| 001 | rc\4892238 | ||
| 005 | 20250613031749.0 | ||
| 021 |
_aRU _b[67-5690] |
||
| 035 | _a(NLR Aleph) 008923365 | ||
| 090 |
_a8838378 _c8838378 |
||
| 100 | _a20130426d1966 |||y0rusy50 ca | ||
| 101 | 0 | _arus | |
| 102 | _aRU | ||
| 105 | _aa z ||||| | ||
| 200 | 1 |
_aШкольный музей В.И. Ленина _eИз опыта организации и работы [Буда-Кошелев. школы] |
|
| 210 |
_aМинск _cНар. асвета _d1966 |
||
| 215 |
_a88 с. _cил. _d20 |
||
| 300 | _aНа обл. авт. не указаны | ||
| 300 | _aПеред загл. авт.: А.С. Юрков, Р.В. Соловьева, Н.Н. Щиряков | ||
| 606 |
_aКоммунистическое воспитание подрастающего поколения _2psbo |
||
| 606 |
_aУчебно-воспитательная работа в школе _2psbo |
||
| 700 | 1 |
_aЮрков _bА.С. _gАндрей Семенович |
|
| 701 | 1 |
_aСоловьева _bР.В. _gРаиса Владимировна |
|
| 701 | 1 |
_aЩиряков _bН.Н. _gНиколай Нестерович |
|
| 702 | 1 |
_aЛенин _bВ.И. _f1870-1924 _gВладимир Ильич _4570 |
|
| 801 | 0 |
_aRU _bNLR _gpsbo |
|
| 801 | 1 |
_aRU _bELAR _2rusmarc |
|
| 852 |
_aNLR _j67-4/4121 |
||
| 942 | _cBOOK | ||
| 980 | _aNB | ||